<?xml version="1.0" encoding="UTF-8"?><?xml-stylesheet type="text/xsl" href="static/style.xsl"?><OAI-PMH xmlns="http://www.openarchives.org/OAI/2.0/" xmlns:xsi="http://www.w3.org/2001/XMLSchema-instance" xsi:schemaLocation="http://www.openarchives.org/OAI/2.0/ http://www.openarchives.org/OAI/2.0/OAI-PMH.xsd"><responseDate>2026-04-13T07:09:29Z</responseDate><request verb="GetRecord" identifier="oai:www.recercat.cat:2117/331353" metadataPrefix="marc">https://recercat.cat/oai/request</request><GetRecord><record><header><identifier>oai:recercat.cat:2117/331353</identifier><datestamp>2026-01-23T02:47:16Z</datestamp><setSpec>com_2072_1033</setSpec><setSpec>col_2072_452949</setSpec></header><metadata><record xmlns="http://www.loc.gov/MARC21/slim" xmlns:dcterms="http://purl.org/dc/terms/" xmlns:xsi="http://www.w3.org/2001/XMLSchema-instance" xmlns:doc="http://www.lyncode.com/xoai" xsi:schemaLocation="http://www.loc.gov/MARC21/slim http://www.loc.gov/standards/marcxml/schema/MARC21slim.xsd">
   <leader>00925njm 22002777a 4500</leader>
   <datafield ind2=" " ind1=" " tag="042">
      <subfield code="a">dc</subfield>
   </datafield>
   <datafield ind2=" " ind1=" " tag="720">
      <subfield code="a">Acilu, Aitor</subfield>
      <subfield code="e">author</subfield>
   </datafield>
   <datafield ind2=" " ind1=" " tag="720">
      <subfield code="a">Larripa, Adrián</subfield>
      <subfield code="e">author</subfield>
   </datafield>
   <datafield ind2=" " ind1=" " tag="260">
      <subfield code="c">2020-11</subfield>
   </datafield>
   <datafield ind2=" " ind1=" " tag="520">
      <subfield code="a">El proyecto camp_us explora nuevos vínculos de rica convivencia, actividad cultural, participación e integración ciudadana entre el campus de la Universidad de Navarra y la ciudad de Pamplona, a través un proceso diseño sistémico y holístico. Para ello los equipos de estudiantes siguen el proceso de diseño de Design Thinking, para explorar, estudiar e identificar oportunidades y necesidades de mejora en tres campos de trabajo interconectados: el espacio, las conexiones y el tiempo. El desarrollo de estas propuestas contará con la participación activa de los agentes más relevantes y los usuarios del ecosistema, haciéndolos coparticipes de los planteamientos, a trevés de soluciones integradoras, inclusivas y coherentes con las necesidades actuales a nivel local y global. Este articulo se expone como un paso más en el caminar hacia el aprendizaje de proceso de diseño más resilientes. </subfield>
   </datafield>
   <datafield ind2=" " ind1=" " tag="520">
      <subfield code="a">The camp_us project explores new links for a rich coexistence, cultural activity, participation and citizen integration between the campus of the University of Navarra and the city of Pamplona, through a systemic and holistic design process. To this end, student teams follow the Design Thinking process, in order to explore, study and identify insights and opportunities for improvement, exploring three interconnected work fields: space, connections and time. The development of these proposals will include in the design process the active participation of the most relevant agents and users of the ecosystem, making them co-participants in the approaches, achiving integrated, inclusive and coherent solutions to the current needs, at a local and global level. This article is presented as a further step in the journey towards learning more resilient design processes.</subfield>
   </datafield>
   <datafield ind2=" " ind1=" " tag="520">
      <subfield code="a">La actividad docente presentada se enmarca en el desarrollo del tercer curso del Grado de Diseño de la Escuela de Arquitectura de la Universidad de Navarra. Para su desarrollo y puesta en marcha se a contado con la inestimable colaboración de los profesores del Politécnico de Milán, Laura Galluzzo, Annalinda de Rosa y Davide Fassi, a quienes queremos agradecer su amabilidad, dedicación y tiempo, sin el cual no hubiera sido posible el proyecto planteado. También queremos agradecer por su participación activa en el proceso de proyecto camp_us al equipo de Campus Planing de la Universidad de Navarra, a la dirección del MUN, y a todos los alumnos, profesores, trabajadores del campus que atentamente tomaron parte y atendieron a nuestros alumnos. Por último, agradecer el tiempo y la amable contribución de los representantes del Ayuntamiento de Pamplona ya mencionados en el presente artículo. Finalmente, queremos trasladar nuestro más sincero agradecimiento a nuestros alumnos, quienes a lo largo de todo el proceso supieron dar lo mejor de sí mismos para hacer realidad los objetivos del proyecto camp_us.</subfield>
   </datafield>
   <datafield ind2=" " ind1=" " tag="520">
      <subfield code="a">Peer Reviewed</subfield>
   </datafield>
   <datafield tag="653" ind2=" " ind1=" ">
      <subfield code="a">Àrees temàtiques de la UPC::Arquitectura</subfield>
   </datafield>
   <datafield tag="653" ind2=" " ind1=" ">
      <subfield code="a">Àrees temàtiques de la UPC::Ensenyament i aprenentatge</subfield>
   </datafield>
   <datafield tag="653" ind2=" " ind1=" ">
      <subfield code="a">Architecture -- Study and teaching (Higher)</subfield>
   </datafield>
   <datafield tag="653" ind2=" " ind1=" ">
      <subfield code="a">Creative thinking</subfield>
   </datafield>
   <datafield tag="653" ind2=" " ind1=" ">
      <subfield code="a">Service learning</subfield>
   </datafield>
   <datafield tag="653" ind2=" " ind1=" ">
      <subfield code="a">City planning -- Citizen participation</subfield>
   </datafield>
   <datafield tag="653" ind2=" " ind1=" ">
      <subfield code="a">Service design</subfield>
   </datafield>
   <datafield tag="653" ind2=" " ind1=" ">
      <subfield code="a">Human centred design</subfield>
   </datafield>
   <datafield tag="653" ind2=" " ind1=" ">
      <subfield code="a">PBL (project based learning)</subfield>
   </datafield>
   <datafield tag="653" ind2=" " ind1=" ">
      <subfield code="a">Service-learning</subfield>
   </datafield>
   <datafield tag="653" ind2=" " ind1=" ">
      <subfield code="a">Urban design</subfield>
   </datafield>
   <datafield tag="653" ind2=" " ind1=" ">
      <subfield code="a">Diseño de servicios</subfield>
   </datafield>
   <datafield tag="653" ind2=" " ind1=" ">
      <subfield code="a">Diseño urbano</subfield>
   </datafield>
   <datafield tag="653" ind2=" " ind1=" ">
      <subfield code="a">Arquitectura -- Ensenyament universitari</subfield>
   </datafield>
   <datafield tag="653" ind2=" " ind1=" ">
      <subfield code="a">Pensament creatiu</subfield>
   </datafield>
   <datafield tag="653" ind2=" " ind1=" ">
      <subfield code="a">Aprenentatge servei</subfield>
   </datafield>
   <datafield tag="653" ind2=" " ind1=" ">
      <subfield code="a">Urbanisme -- Participació ciutadana</subfield>
   </datafield>
   <datafield ind2="0" ind1="0" tag="245">
      <subfield code="a">camp_us: co-diseñando universidad y ciudad: Pamplona, 2020</subfield>
   </datafield>
   <datafield ind2="0" ind1="0" tag="245">
      <subfield code="a">camp_us: co-designing university and city: Pamplona 2020</subfield>
   </datafield>
</record></metadata></record></GetRecord></OAI-PMH>